000
00241nam a2200085Ia 4500
245
0
_a
William Shakespeare's Othello
100
_a
Goodwin, Vincent Edina, MN, [c.2009]
_9
79313
942
_c
BK
008
210817s9999 xx 000 0 und d
999
_c
276247
_d
276246